Gaming Quiz

Random Gaming Quiz
Score 0/22 Timer 10:00
0 Plays Today
Hint Answer % Correct
Nathan Drake
95.6%
Victor 'Sully' Sullivan
95.6%
Elena Fisher
93.3%
Chloe Frazer
84.4%
Samuel 'Sam' Drake
82.2%
Charlie Cutter
66.7%
Zoran Lazarevíc
66.7%
Nadine Ross
64.4%
Katherine Marlowe
64.4%
Rafe
62.2%
Talbot
60%
Hint Answer % Correct
Gabriel Roman
57.8%
Tenzin
53.3%
The best characterJeff Wynis
40%
Rika Raja
33.3%
Asav
28.9%
Vargas
22.2%
Rameses
22.2%
Orca
22.2%
Marisa Chase
15.6%
Gustavo
8.9%
Meenu
8.9%
Remove Ads.
Support Sporcle.
Get the best of Sporcle when you Go Orange. This ad-free experience offers more features, more stats, and more fun while also helping to support Sporcle. Thank you for becoming a member.

You're not logged in!

Compare scores with friends on all Sporcle quizzes.
OR
Log In

Show Comments

Extras

Created Dec 19, 2018ReportNominate
Tags:Character, Uncharted

Top Quizzes Today


Score Distribution

Your Account Isn't Verified!

In order to create a playlist on Sporcle, you need to verify the email address you used during registration. Go to your Sporcle Settings to finish the process.

Report this User

Report this user for behavior that violates our Community Guidelines.

Details: